| 000 | 00964nam a2200265 i 4500 | ||
|---|---|---|---|
| 001 | bg | ||
| 003 | KOSZ 005 | ||
| 005 | 20200229112659.0 | ||
| 008 | 070915s1968 pl a f 001 0 pol | ||
| 015 | _aPB 1969/821 | ||
| 040 |
_aWA N _cKOSZ 005/RW _dKOSZ 005/RW |
||
| 080 | _a533.5 | ||
| 100 | 1 |
_aGroszkowski, Janusz _d(1898-1984) _eAutor |
|
| 245 | 1 | 0 |
_aZagadnienia wysokich próżni / _cJanusz Groszkowski. |
| 260 |
_aWarszawa : _bWydawnictwa Komunikacji i Łączności, _c1968. |
||
| 300 |
_a155, [1] s. : _bil. ; _c24 cm. |
||
| 380 | _aKsiążki. | ||
| 490 | 1 |
_aProblemy Elektroniki i Telekomunikacji ; _v19. |
|
| 504 | _aBibliogr. s. 150. Indeks. | ||
| 650 | 4 | _aTechnika próżniowa | |
| 710 | 2 |
_aWydawnictwa Komunikacji i Łączności. _4pbl. |
|
| 830 | 0 |
_aProblemy Elektroniki i Telekomunikacji ; _v19. |
|
| 856 |
_uhttp://koha.tu.koszalin.pl/cgi-bin/koha/opac-detail.pl?biblionumber=11632 _yKatalog online BPK |
||
| 942 |
_2UKD _cKS |
||
| 999 |
_c11632 _d11632 |
||